000 01204nac a22002411u 4500
090 _c3509
008 090204t xxu||||| |||| 00| 0 eng d
020 _a0071463062
082 _a621.402
_bPOT
100 _aPotter, Merle C.
245 _aSchaum's outline of thermodynamics for engineers/
_bMerle C. Potter, Craig W. Somerton
250 _a2nd ed.
260 _aNew York :
_bMcGraw-Hill,
_cc2006.
300 _ax, 406 p.:
_bill.;
_c32 cm.
490 _aSchaum's Outline Series ;
504 _aIncludes bibliographical references and index.
650 _aThermodynamics
700 1 _aSomerton, Craig W.
942 _cBB
_k621.402POT
_2ddc
999 _c3509
_d3509